1899 1688 1577 1552 1035 1733 1344 1196 1985 1343 1540 1428 1818 1048 1149 1555 1858 1262 1676 1656 1805 1023 1012 1375 1671 1727 1724 1352 1898 1893 1311 1095 1691 1602 1171 1076 1647 1124 1319 1656 1216 1200 1538 1483 1954 1483 1823 1432 1936 1880 1292 1082 1055 1599 1705 1365 1638 1862 1117 1611 1719 1335 1672 1054 1802 1714 1890 1032 1001 1321 1886 1628 1250 1699 1834 1439 1404 1093 1541 1683 1081 1435 1192 1918 1099 1901 1924 1509 1017 1542 1518 1404 1755 1998 1646 1638 1077 1699 1541 BCNSPRNW ULIB Ver.6.0+V

เปลี่ยนเป็นภาษาไทย

Change to English
 แสดงรายละเอียดบรรณานุกรม
  กลับหน้าหลัก

Brief Record : Get Marc (ISO 2709) : E-mail record : QR code < ปิดหน้าต่าง
LEADER : 00000nam 2200000uu 4500
001    13399111139
003     ULIB
008    110616s||||||||th 000 0 tha d
020    9742960135
050  4 BF576^bส715อ 2543
100 0  สมทรง สุวรรณเลิศ
245 10 อีคิว :^bความฉลาดทางอารมณ์ /^cผู้เรียบเรียง, สมทรง สุวรรณเลิศ ; บรรณาธิการ, กาญจนา วณิชรมณีย์, วนิดา ชนินทยุทธวงศ์
250    พิมพ์ครั้งที่ 2
260    นนทบุรี :^bกรมสุขภาพจิต กระทรวงสาธารณสุข,^c2543
300    97, [9] หน้า ;^c30 ซม.
650  7 การทดสอบความฉลาดทางอารมณ์
650  7 ความฉลาดทางอารมณ์
700 0  กาญจนา วณิชรมณีย์,^eบรรณาธิการ
700 0  วนิดา ชนินทยุทธวงศ์,^eบรรณาธิการ
710 2  กรมสุขภาพจิต
945    ^p0^l0^i013410
945    ^p0^l0^i013409
995    ทศพร
999 ^a ใช้งานได้ทุกระบบ
รายการนี้ยังไม่มีแท็ก
คุณยังไม่ได้ล็อกอิน คุณสามารถมีกิจกรรมร่วมกับเว็บไซต์ได้ แต่ต้องล็อกอินก่อน ::
  ล็อกอิน

รายการสื่อสารสนเทศ

ลำดับที่ ประเภท เลขเรียก/บาร์โค้ด สถานที่ สถานะ
- ไม่พบข้อมูล -

รายการใกล้เคียง
    หัวเรื่อง [ความฉลาดทางอารมณ์]

BibComment


ยังไม่เคยถูกคอมเมนท์

คอมเมนท์ทรัพยากรรายการนี้
  คอมเมนท์: อีคิว ความฉลาดทา..


 Copyright 2026. Bcnsprnw @Library